[Event "Biella op 8th"]
[Site "Biella"]
[Date "2017.09.22"]
[Round "1"]
[White "Finocchiaro, Gianluca"]
[Black "Siclari, Giovanni"]
[Result "0-1"]
[WhiteElo "2002"]
[BlackElo "2190"]
[PlyCount "64"]
[EventDate "2017.09.22"]
[EventType "swiss"]
[EventRounds "5"]
[EventCountry "ITA"]
[SourceTitle "CBM 180 Extra"]
[Source "ChessBase"]
[SourceDate "2017.10.06"]
[SourceVersion "1"]
[SourceVersionDate "2017.10.06"]
[SourceQuality "1"]

1. d4 Nf6 2. Nc3 d6 3. e4 Nbd7 4. g3 e5 5. Nge2 g6 6. Bg2 Bg7 7. 0-0 0-0 8. h3 Re8 9. d5 Qe7 10. Be3 c6 11. dxc6 bxc6 12. Qd2 Nb6 13. b3 Ba6 14. Rad1 Rad8 15. a4 d5 16. exd5 Nbxd5 17. Nxd5 Nxd5 18. c4 Nf4 19. Qe1 Nxg2 20. Kxg2 Bc8 21. Qa5 a6 22. Bc5 Qf6 23. Rxd8 Qxd8 24. Qxd8 Rxd8 25. Nc3 Bf5 26. b4 Be6 27. b5 Bxc4 28. bxc6 Bxf1+ 29. Kxf1 Rc8 30. Nd5 Bf8 31. Be7 Rxc6 32. Nf6+ Kh8 0-1

[Event "Torino Epifania op"]
[Site "Torino"]
[Date "2016.01.05"]
[Round "4"]
[White "Mina, Marco"]
[Black "Finocchiaro, Gianluca"]
[Result "1-0"]
[WhiteElo "2026"]
[BlackElo "2023"]
[PlyCount "49"]
[EventDate "2016.01.03"]
[EventType "swiss"]
[EventRounds "6"]
[EventCountry "ITA"]
[SourceTitle "EXT 2018"]
[Source "ChessBase"]
[SourceDate "2017.10.13"]
[SourceVersion "1"]
[SourceVersionDate "2017.10.13"]
[SourceQuality "1"]

1. e4 d6 2. d4 Nf6 3. Nc3 c6 4. f4 Qa5 5. Bd3 e5 6. Nf3 Bg4 7. Be3 Nbd7 8. 0-0 Be7 9. Qe1 Qc7 10. a4 0-0 11. Qg3 Bxf3 12. Qxf3 Rfe8 13. a5 b6 14. Kh1 exd4 15. Bxd4 Nc5 16. e5 Nfd7 17. axb6 axb6 18. Rxa8 Rxa8 19. Nb5 Qb8 20. Qxc6 Nxd3 21. Qxd7 dxe5 22. cxd3 exd4 23. Qxe7 Qxf4 24. Qd8+ Rxd8 25. Rxf4 1-0

[Event "Torino Spinelli Memorial 1st"]
[Site "Torino"]
[Date "2015.12.05"]
[Round "2"]
[White "Finocchiaro, Gianluca"]
[Black "McGovern, Patrick"]
[Result "1-0"]
[WhiteElo "2020"]
[BlackElo "1775"]
[PlyCount "51"]
[EventDate "2015.12.04"]
[EventType "swiss"]
[EventRounds "5"]
[EventCountry "ITA"]
[SourceTitle "EXT 2018"]
[Source "ChessBase"]
[SourceDate "2017.10.13"]
[SourceVersion "1"]
[SourceVersionDate "2017.10.13"]
[SourceQuality "1"]

1. d4 Nf6 2. Nc3 d5 3. Bg5 Nbd7 4. e3 e6 5. Nf3 Be7 6. Bd3 h6 7. Bf4 c6 8. Ne5 Nxe5 9. dxe5 Nd7 10. Qg4 g5 11. Bg3 Qb6 12. Qd1 h5 13. h4 gxh4 14. Bxh4 Nxe5 15. Bxe7 Nxd3+ 16. Qxd3 Kxe7 17. 0-0-0 e5 18. Rh4 Be6 19. Rdh1 Rag8 20. g3 Bg4 21. Na4 Qb4 22. Nc3 e4 23. Qd2 Qa5 24. Qd4 f6 25. Qd2 b5 26. Nxd5+ 1-0

[Event "Torino Spinelli Memorial 1st"]
[Site "Torino"]
[Date "2015.12.04"]
[Round "1"]
[White "Gotti, Marco"]
[Black "Finocchiaro, Gianluca"]
[Result "1-0"]
[WhiteElo "1713"]
[BlackElo "2020"]
[PlyCount "108"]
[EventDate "2015.12.04"]
[EventType "swiss"]
[EventRounds "5"]
[EventCountry "ITA"]
[SourceTitle "EXT 2018"]
[Source "ChessBase"]
[SourceDate "2017.10.13"]
[SourceVersion "1"]
[SourceVersionDate "2017.10.13"]
[SourceQuality "1"]

1. e4 d6 2. d4 Nf6 3. Bd3 e5 4. Ne2 Nc6 5. c3 d5 6. exd5 Qxd5 7. dxe5 Nxe5 8. Nf4 Nxd3+ 9. Qxd3 Qxd3 10. Nxd3 Bf5 11. Ne5 Bd6 12. Nc4 Be7 13. Nbd2 0-0 14. 0-0 Rfe8 15. Ne3 Bd3 16. Re1 Bc5 17. Nb3 Bb6 18. Bd2 Rad8 19. Rad1 a5 20. a4 Bxe3 21. Bxe3 b6 22. Nd4 Be4 23. Bg5 c5 24. f3 cxd4 25. fxe4 dxc3 26. Rxd8 Rxd8 27. bxc3 Re8 28. Bxf6 gxf6 29. Kf2 Rc8 30. Rb1 Rc6 31. Rb3 Kg7 32. Ke3 Rc4 33. Ra3 Kg6 34. Kd3 Rc6 35. Rb3 Kg5 36. Rb5+ Kg6 37. g4 h6 38. h4 Kg7 39. Rd5 Kg6 40. Kd4 Kg7 41. c4 Kf8 42. c5 Re6 43. cxb6 Rxb6 44. Rxa5 Ke7 45. Rb5 Rd6+ 46. Rd5 Rb6 47. Kc5 Rb1 48. a5 Re1 49. Rd4 Rc1+ 50. Kb6 Rb1+ 51. Ka7 h5 52. gxh5 Rb5 53. Rd5 Rb4 54. h6 Kf8 1-0

[Event "Nichelino op 16th"]
[Site "Nichelino"]
[Date "2015.10.04"]
[Round "5"]
[White "D'Ingiullo, Roberto"]
[Black "Finocchiaro, Gianluca"]
[Result "1/2-1/2"]
[WhiteElo "2071"]
[BlackElo "2038"]
[PlyCount "35"]
[EventDate "2015.10.02"]
[EventType "swiss"]
[EventRounds "5"]
[EventCountry "ITA"]
[SourceTitle "EXT 2018"]
[Source "ChessBase"]
[SourceDate "2017.10.13"]
[SourceVersion "1"]
[SourceVersionDate "2017.10.13"]
[SourceQuality "1"]

1. e4 e5 2. Nf3 Nc6 3. Bb5 Nf6 4. d3 Bc5 5. c3 d6 6. 0-0 0-0 7. b4 Bb6 8. Nbd2 a6 9. Bxc6 bxc6 10. Nc4 Ba7 11. Be3 d5 12. Ncxe5 Bxe3 13. fxe3 dxe4 14. dxe4 Qxd1 15. Raxd1 Nxe4 16. Nd7 Nxc3 17. Nxf8 Nxd1 18. Rxd1 1/2-1/2

[Event "Omegna op-A 3rd"]
[Site "Omegna"]
[Date "2015.08.08"]
[Round "3"]
[White "Finocchiaro, Gianluca"]
[Black "Leuthold, Cyrill"]
[Result "1-0"]
[WhiteElo "2017"]
[BlackElo "1810"]
[PlyCount "89"]
[EventDate "2015.08.07"]
[EventType "swiss"]
[EventRounds "5"]
[EventCountry "ITA"]
[SourceTitle "EXT 2024"]
[Source "ChessBase"]
[SourceDate "2023.10.10"]
[SourceVersion "1"]
[SourceVersionDate "2023.10.10"]
[SourceQuality "1"]

1. e4 e6 2. d4 d5 3. e5 c5 4. Qg4 Nc6 5. Nf3 cxd4 6. Bd3 Qc7 7. Bf4 Nge7 8. 0-0 Bd7 9. c3 Qb6 10. b3 Ng6 11. cxd4 Nb4 12. Bxg6 hxg6 13. Nc3 Rc8 14. Bd2 Be7 15. a3 Na6 16. b4 Nc7 17. Rfc1 Nb5 18. Na4 Qd8 19. Nc5 b6 20. Nxd7 Qxd7 21. a4 Rxc1+ 22. Rxc1 Na3 23. b5 Nc4 24. Bg5 Bxg5 25. Nxg5 Qe7 26. h4 Qa3 27. Re1 Qb4 28. Rd1 Qe7 29. Rd3 Rf8 30. Qf4 Nb2 31. Rf3 Nc4 32. Qg4 Nb2 33. Rc3 Nc4 34. h5 gxh5 35. Qxh5 g6 36. Qh6 Qb4 37. Nh7 Qxc3 38. Qxf8+ Kd7 39. Qxf7+ Kc8 40. Qxe6+ Kc7 41. Nf6 Qc1+ 42. Kh2 Qf4+ 43. Kh3 Qh6+ 44. Kg3 Qg5+ 45. Qg4 1-0

[Event "Giovinazzo  Sole di Puglia 1st"]
[Site "Giovinazzo"]
[Date "2015.07.25"]
[Round "8"]
[White "Balog, Imre1111"]
[Black "Finocchiaro, Gianluca"]
[Result "1-0"]
[WhiteElo "2531"]
[BlackElo "2018"]
[PlyCount "109"]
[EventDate "2015.07.19"]
[EventType "swiss"]
[EventRounds "9"]
[EventCountry "ITA"]
[SourceTitle "EXT 2024"]
[Source "ChessBase"]
[SourceDate "2023.10.10"]
[SourceVersion "1"]
[SourceVersionDate "2023.10.10"]
[SourceQuality "1"]

1. c4 Nc6 2. g3 e5 3. Bg2 g6 4. e4 Nge7 5. h4 h5 6. d3 Bg7 7. Nc3 d6 8. Be3 Nd4 9. Nh3 c5 10. 0-0 0-0 11. Kh2 f6 12. a3 a5 13. Rb1 Be6 14. b4 Qd7 15. bxc5 dxc5 16. Nd5 Rab8 17. Bxd4 cxd4 18. f4 b5 19. fxe5 fxe5 20. Rxb5 Rxb5 21. Rxf8+ Kxf8 22. Qf3+ Ke8 23. cxb5 Nxd5 24. exd5 Bg4 25. Qf2 Bxh3 26. Bxh3 Qxd5 27. b6 e4 28. dxe4 Qxe4 29. Bg2 Qe3 30. Qc2 Be5 31. Qxg6+ Ke7 32. b7 d3 33. Qh7+ Kf6 34. Qg8 d2 35. Qf8+ Kg6 36. Qf3 Qe1 37. Qc6+ Kg7 38. Qd7+ Kf6 39. Qd8+ Kg7 40. Qg5+ Kf8 41. b8R+ Bxb8 42. Qf6+ Kg8 43. Bd5+ Kh7 44. Qf5+ Kg7 45. Qg5+ Kh7 46. Qxh5+ Kg7 47. Qg5+ Kh7 48. Qf5+ Kg7 49. Qf7+ Kh6 50. Qf8+ Kg6 51. Bf7+ Kf5 52. Bb3+ Kg4 53. Qc8+ Kf3 54. Bd5+ Ke3 55. Qc3+ 1-0

[Event "Torino-ch sf"]
[Site "Torino"]
[Date "2014.05.19"]
[Round "3"]
[White "Finocchiaro, Gianluca"]
[Black "Fassio, Luca"]
[Result "0-1"]
[WhiteElo "2105"]
[BlackElo "2107"]
[PlyCount "104"]
[EventDate "2014.05.05"]
[EventType "swiss"]
[EventRounds "7"]
[EventCountry "ITA"]
[SourceTitle "EXT 2015"]
[Source "ChessBase"]
[SourceDate "2014.11.20"]
[SourceVersion "1"]
[SourceVersionDate "2014.11.20"]
[SourceQuality "1"]

1. e4 g6 2. d4 Bg7 3. Bc4 c6 4. Nc3 b5 5. Bb3 b4 6. Qf3 e6 7. Nce2 d5 8. e5 Nd7 9. Nh3 h5 10. Bg5 Qc7 11. 0-0 Ba6 12. Rfe1 Bxe2 13. Qxe2 Nh6 14. Rac1 Nf5 15. Qd2 a5 16. c4 Qa7 17. cxd5 cxd5 18. Be3 0-0 19. Bc2 Nxe3 20. fxe3 Nb6 21. Nf4 Bh6 22. Qd3 Bxf4 23. exf4 Rfc8 24. g4 hxg4 25. Re2 Qa6 26. Qd1 Rc7 27. Rg2 Rac8 28. Qxg4 Qa7 29. f5 exf5 30. Qxf5 Nc4 31. e6 Qxd4+ 32. Kh1 Ne5 33. exf7+ Kf8 34. Qf6 Rxc2 35. Rgxc2 Rxc2 36. Qh8+ Kxf7 37. Rf1+ Rf2 38. Qh7+ Ke6 39. Qg8+ Kd6 40. Qd8+ Ke6 41. Qe8+ Kd6 42. Qb8+ Ke7 43. Qc7+ Kf8 44. Qb8+ Kg7 45. Rxf2 Qxf2 46. Qxe5+ Qf6 47. Qc7+ Kh6 48. Qc1+ g5 49. Kg2 d4 50. Qc5 d3 51. Qc1 Qe6 52. Kf2 Qe4 0-1

[Event "Nichelino op 14th"]
[Site "Nichelino"]
[Date "2013.10.05"]
[Round "2"]
[White "Finocchiaro, Gianluca"]
[Black "Damia, Angelo"]
[Result "1/2-1/2"]
[WhiteElo "2061"]
[BlackElo "2188"]
[PlyCount "95"]
[EventDate "2013.10.04"]
[EventType "swiss"]
[EventRounds "5"]
[EventCountry "ITA"]
[SourceTitle "EXT 2015"]
[Source "ChessBase"]
[SourceDate "2014.11.20"]
[SourceVersion "1"]
[SourceVersionDate "2014.11.20"]
[SourceQuality "1"]

1. e4 c5 2. c3 e6 3. d4 d5 4. exd5 exd5 5. Nf3 c4 6. Be2 Nf6 7. 0-0 Be7 8. b3 cxb3 9. axb3 0-0 10. h3 Bf5 11. Be3 Nc6 12. c4 Nb4 13. Nc3 Bc2 14. Qd2 Bxb3 15. c5 Bc4 16. Bxc4 dxc4 17. Ne5 b6 18. cxb6 axb6 19. Nxc4 Rc8 20. Ne5 Nbd5 21. Nxd5 Nxd5 22. Rfc1 b5 23. Nc6 Qd6 24. Nxe7+ Qxe7 25. Rc5 Rxc5 26. dxc5 Nxe3 27. Qxe3 Qxe3 28. fxe3 Rc8 29. Ra5 b4 30. Kf2 b3 31. Rb5 g6 32. Rxb3 Rxc5 33. Rb7 Kg7 34. Ra7 g5 35. Ra6 h5 36. Rd6 f6 37. e4 Rc2+ 38. Kf3 Rc3+ 39. Kf2 g4 40. hxg4 hxg4 41. Rb6 Rc2+ 42. Kg3 Re2 43. Kxg4 Rxg2+ 44. Kf4 Re2 45. Rb5 Rf2+ 46. Ke3 Rh2 47. Kf4 Kg6 48. Kf3 1/2-1/2

[Event "Biella op-A 4th"]
[Site "Biella"]
[Date "2013.09.29"]
[Round "5"]
[White "Finocchiaro, Gianluca"]
[Black "Migliorini, Matteo"]
[Result "1-0"]
[WhiteElo "2084"]
[BlackElo "2046"]
[PlyCount "105"]
[EventDate "2013.09.27"]
[EventType "swiss"]
[EventRounds "5"]
[EventCountry "ITA"]
[SourceTitle "CBM 156 Extra"]
[Source "ChessBase"]
[SourceDate "2013.10.22"]
[SourceVersion "1"]
[SourceVersionDate "2013.10.22"]
[SourceQuality "1"]

1. e4 c5 2. d4 cxd4 3. c3 Nf6 4. e5 Nd5 5. Nf3 e6 6. cxd4 d6 7. Bc4 Nc6 8. 0-0 Be7 9. Qe2 0-0 10. Rd1 Qc7 11. Nc3 Nxc3 12. bxc3 dxe5 13. dxe5 b6 14. Bd3 Rd8 15. Ng5 g6 16. Bf4 Bb7 17. h4 Bf8 18. Ne4 Bg7 19. Bg5 Rd5 20. Nf6+ Bxf6 21. Bxf6 Nxe5 22. Be4 Rxd1+ 23. Rxd1 Nd7 24. Bg5 Nc5 25. Bb1 e5 26. f3 Ne6 27. Bf6 Qc5+ 28. Kh1 Nf4 29. Qxe5 Qxe5 30. Bxe5 Ne6 31. Bf6 Nc5 32. Re1 Bc6 33. Re7 Nd7 34. Bg5 Kg7 35. Bc2 Nc5 36. Be3 Re8 37. Bxc5 bxc5 38. Rxa7 Bxf3 39. Bb3 Bc6 40. Rxf7+ Kh8 41. Rc7 Re1+ 42. Kh2 Be4 43. Rxc5 h6 44. Bd5 Bxd5 45. Rxd5 Ra1 46. Ra5 Rc1 47. Ra3 Kg7 48. Rb3 Ra1 49. a3 Kf6 50. Kg3 g5 51. Kg4 Rc1 52. a4 Rc2 53. g3 1-0

[Event "Biella op-A 4th"]
[Site "Biella"]
[Date "2013.09.28"]
[Round "3"]
[White "Finocchiaro, Gianluca"]
[Black "Guidi, Maurizio"]
[Result "1-0"]
[WhiteElo "2084"]
[BlackElo "2041"]
[PlyCount "73"]
[EventDate "2013.09.27"]
[EventType "swiss"]
[EventRounds "5"]
[EventCountry "ITA"]
[SourceTitle "CBM 156 Extra"]
[Source "ChessBase"]
[SourceDate "2013.10.22"]
[SourceVersion "1"]
[SourceVersionDate "2013.10.22"]
[SourceQuality "1"]

1. e4 c5 2. d4 cxd4 3. c3 d3 4. Nf3 Nc6 5. c4 Nf6 6. Qxd3 d6 7. Nc3 g6 8. Be2 Bg7 9. h3 0-0 10. 0-0 Nd7 11. Bf4 Nc5 12. Qc2 e5 13. Bg5 f6 14. Be3 f5 15. Rad1 Nxe4 16. Nxe4 fxe4 17. Qxe4 Be6 18. Ng5 Bf7 19. Nxf7 Rxf7 20. c5 Rd7 21. Bg4 d5 22. Rxd5 Rxd5 23. Be6+ Kh8 24. Bxd5 Qc7 25. Bxc6 bxc6 26. Rd1 Rb8 27. Rd6 Rxb2 28. Rxc6 Qd7 29. Rd6 Qe7 30. Qa8+ Bf8 31. Bh6 Rxf2 32. Kxf2 Qh4+ 33. Ke2 Qc4+ 34. Rd3 Qc2+ 35. Bd2 Qxc5 36. Qd5 Qe7 37. Bc3 1-0

[Event "Imperia op-A 55th"]
[Site "Imperia"]
[Date "2013.09.02"]
[Round "2"]
[White "Finocchiaro, Gianluca"]
[Black "Angelini, Marco"]
[Result "0-1"]
[WhiteElo "2084"]
[BlackElo "2267"]
[PlyCount "48"]
[EventDate "2013.09.01"]
[EventType "swiss"]
[EventRounds "9"]
[EventCountry "ITA"]
[SourceTitle "EXT 2015"]
[Source "ChessBase"]
[SourceDate "2014.11.20"]
[SourceVersion "1"]
[SourceVersionDate "2014.11.20"]
[SourceQuality "1"]

1. d4 d5 2. e4 dxe4 3. Nc3 Nf6 4. f3 exf3 5. Nxf3 Bg4 6. Bc4 e6 7. h3 Bh5 8. g4 Bg6 9. Ne5 Nbd7 10. Qf3 c6 11. Bg5 Be7 12. 0-0-0 Nxe5 13. dxe5 Nd5 14. Bd2 Qc7 15. Bxd5 cxd5 16. h4 h5 17. Qe3 hxg4 18. h5 Bf5 19. Rdf1 Qc5 20. Qxc5 Bxc5 21. Nxd5 Rc8 22. h6 gxh6 23. Nf6+ Ke7 24. Bxh6 Rxh6 0-1

[Event "Torino-ch"]
[Site "Torino"]
[Date "2012.11.26"]
[Round "4"]
[White "Fassio, Luca"]
[Black "Finocchiaro, Gianluca"]
[Result "1/2-1/2"]
[WhiteElo "2066"]
[BlackElo "2080"]
[PlyCount "129"]
[EventDate "2012.11.07"]
[EventType "swiss"]
[EventRounds "7"]
[EventCountry "ITA"]
[SourceTitle "EXT 2014"]
[Source "ChessBase"]
[SourceDate "2013.11.20"]
[SourceVersion "1"]
[SourceVersionDate "2013.11.20"]
[SourceQuality "1"]

1. e4 Nc6 2. Nf3 d5 3. exd5 Qxd5 4. d4 Bg4 5. Be2 0-0-0 6. c3 e5 7. 0-0 exd4 8. cxd4 Nxd4 9. Nxd4 Bxe2 10. Qxe2 Qxd4 11. Be3 Qe5 12. Nc3 Bd6 13. f4 Qe6 14. Qf3 a6 15. Rae1 Nf6 16. Bd4 Qf5 17. Be5 Bc5+ 18. Kh1 Rd3 19. Qe2 Rhd8 20. Bxf6 gxf6 21. Ne4 Bb6 22. Qc2 Kb8 23. Nf2 Bxf2 24. Rxf2 Qa5 25. Rc1 c6 26. Qc4 Qd5 27. Qxd5 R8xd5 28. g3 Rd1+ 29. Rxd1 Rxd1+ 30. Kg2 Kc7 31. Kh3 b5 32. Kg4 Rd5 33. f5 c5 34. Kh5 c4 35. Kh6 b4 36. Kxh7 Kd6 37. Kg7 Ke7 38. h4 c3 39. bxc3 bxc3 40. Rf3 Rc5 41. Re3+ Kd6 42. Re1 Rxf5 43. Rc1 Rf3 44. g4 Rg3 45. Kxf6 Kd5 46. Kxf7 Kc4 47. g5 Rh3 48. g6 Rxh4 49. g7 Rf4+ 50. Ke7 Rg4 51. Kf7 Kd3 52. g8Q Rxg8 53. Kxg8 Kd2 54. Rh1 c2 55. Kf7 c1Q 56. Rxc1 Kxc1 57. Ke6 Kb2 58. Kd5 a5 59. Kc4 a4 60. a3 Kxa3 61. Kc3 Ka2 62. Kc2 a3 63. Kc1 Ka1 64. Kc2 a2 65. Kc1 1/2-1/2

[Event "Torino-ch"]
[Site "Torino"]
[Date "2012.11.12"]
[Round "2"]
[White "Pepino, Enrico"]
[Black "Finocchiaro, Gianluca"]
[Result "0-1"]
[WhiteElo "2157"]
[BlackElo "2080"]
[PlyCount "138"]
[EventDate "2012.11.07"]
[EventType "swiss"]
[EventRounds "7"]
[EventCountry "ITA"]
[SourceTitle "EXT 2014"]
[Source "ChessBase"]
[SourceDate "2013.11.20"]
[SourceVersion "1"]
[SourceVersionDate "2013.11.20"]
[SourceQuality "1"]

1. d4 c5 2. d5 Nf6 3. c4 Ne4 4. e3 Qa5+ 5. Bd2 Nxd2 6. Qxd2 Qxd2+ 7. Kxd2 d6 8. Nc3 g6 9. e4 Bg7 10. Bd3 0-0 11. Nge2 Na6 12. a3 Bd7 13. Rab1 Nc7 14. b4 cxb4 15. axb4 Rfc8 16. g3 e6 17. Rhc1 Bh6+ 18. f4 e5 19. Rc2 Ne8 20. Ra1 Nf6 21. Rca2 exf4 22. gxf4 Nh5 23. Ke3 f5 24. exf5 Bxf5 25. Bxf5 gxf5 26. c5 dxc5 27. b5 Nf6 28. Rxa7 Rab8 29. Kf3 Rd8 30. Rd1 Bg7 31. Ra3 Ra8 32. Rxa8 Rxa8 33. Kg2 Kf7 34. h3 Ne4 35. Nxe4 fxe4 36. Rd2 Ra5 37. d6 Ke8 38. Ng3 e3 39. Rd3 Bd4 40. Ne2 Ra4 41. f5 Kd7 42. Kf3 Kxd6 43. Nc3 Ra1 44. Nd1 Rb1 45. Nxe3 Rxb5 46. f6 Ke6 47. Ng4 Bxf6 48. Re3+ Kf7 49. Rd3 Bd4 50. Ke4 Rb1 51. Kd5 h5 52. Nh6+ Kg6 53. Ng8 Re1 54. Kd6 Re3 55. Rd2 h4 56. Ne7+ Kg5 57. Rg2+ Rg3 58. Rh2 b5 59. Nc6 b4 60. Kd5 Bg1 61. Re2 Be3 62. Ke4 b3 63. Na5 Bc1 64. Nc4 Rc3 65. Rg2+ Kf6 66. Kd5 Rxh3 67. Kxc5 Rc3 68. Kd4 Rxc4+ 69. Kxc4 b2 0-1

[Event "Torino Province-ch"]
[Site "Torino"]
[Date "2012.03.20"]
[Round "5"]
[White "Paoli, Mario"]
[Black "Finocchiaro, Gianluca"]
[Result "0-1"]
[WhiteElo "1812"]
[BlackElo "2082"]
[PlyCount "95"]
[EventDate "2012.02.21"]
[EventType "swiss"]
[EventRounds "7"]
[EventCountry "ITA"]
[SourceTitle "EXT 2015"]
[Source "ChessBase"]
[SourceDate "2014.11.20"]
[SourceVersion "1"]
[SourceVersionDate "2014.11.20"]
[SourceQuality "1"]

1. d4 Nf6 2. c4 c5 3. d5 b5 4. e3 Bb7 5. Nc3 bxc4 6. Bxc4 g6 7. Nge2 Bg7 8. 0-0 0-0 9. e4 d6 10. Nf4 Nbd7 11. Nd3 Nb6 12. Qb3 Qc8 13. Rd1 Nxc4 14. Qxc4 Ba6 15. Qa4 Qb7 16. f3 Nd7 17. Qc2 Bd4+ 18. Kh1 Ne5 19. Nxe5 Bxe5 20. Rb1 Qc7 21. b3 Rab8 22. Bb2 c4 23. Ne2 Bxb2 24. Rxb2 Rfc8 25. Rc1 Qa5 26. Qc3 Qxc3 27. Nxc3 cxb3 28. Rxb3 Rxb3 29. axb3 Rb8 30. Rb1 Bd3 31. Rb2 Rc8 32. Na2 a5 33. h3 Kf8 34. Kh2 Ke8 35. Kg3 Rc2 36. Rxc2 Bxc2 37. Nc1 Kd8 38. Kf2 Kc7 39. Ke3 f5 40. g3 fxe4 41. fxe4 Kb6 42. Kd4 Kb5 43. e5 Kb4 44. exd6 exd6 45. Ne2 Kxb3 46. Nc3 a4 47. Nb5 a3 48. Nxa3 0-1

[Event "Torino Province-ch"]
[Site "Torino"]
[Date "2012.02.28"]
[Round "2"]
[White "Finocchiaro, Gianluca"]
[Black "Zanella, Wainer"]
[Result "1-0"]
[WhiteElo "2082"]
[BlackElo "1629"]
[PlyCount "70"]
[EventDate "2012.02.21"]
[EventType "swiss"]
[EventRounds "7"]
[EventCountry "ITA"]
[SourceTitle "EXT 2015"]
[Source "ChessBase"]
[SourceDate "2014.11.20"]
[SourceVersion "1"]
[SourceVersionDate "2014.11.20"]
[SourceQuality "1"]

1. Nf3 Nc6 2. e4 d6 3. d4 Nf6 4. Nc3 Bg4 5. Be3 e6 6. h3 Bh5 7. Qd3 d5 8. Qb5 Bxf3 9. gxf3 Rb8 10. 0-0-0 a6 11. Qd3 Bb4 12. Rg1 Bxc3 13. Qxc3 g6 14. e5 Ng8 15. Bxa6 Nge7 16. Bd3 Ra8 17. Kb1 Na5 18. h4 c6 19. Bg5 b5 20. Qc5 h6 21. Bf6 Rg8 22. h5 Nb7 23. Qc3 Qb6 24. hxg6 Nxg6 25. Bxg6 fxg6 26. Qe3 g5 27. Qd3 Qc7 28. f4 g4 29. Rh1 c5 30. Rxh6 cxd4 31. Rh7 Qa5 32. Re7+ Kf8 33. Qh7 Qxa2+ 34. Kc1 Qa1+ 35. Kd2 Qxb2 1-0

[Event "Torino-ch 36th"]
[Site "Torino"]
[Date "2011.11.07"]
[Round "1"]
[White "Cavaliere, Simone"]
[Black "Finocchiaro, Gianluca"]
[Result "0-1"]
[WhiteElo "1859"]
[BlackElo "2077"]
[PlyCount "42"]
[EventDate "2011.11.07"]
[EventType "swiss"]
[EventRounds "7"]
[EventCountry "ITA"]
[SourceTitle "EXT 2015"]
[Source "ChessBase"]
[SourceDate "2014.11.20"]
[SourceVersion "1"]
[SourceVersionDate "2014.11.20"]
[SourceQuality "1"]

1. e4 Nc6 2. Nf3 d5 3. exd5 Qxd5 4. Nc3 Qa5 5. Bb5 a6 6. Bxc6+ bxc6 7. Qe2 Bg4 8. Qe4 Bxf3 9. Qxf3 Qe5+ 10. Kd1 Qd6 11. d3 Nf6 12. Bf4 Qd7 13. Kd2 e6 14. Rae1 Be7 15. h4 0-0 16. Rh3 Nd5 17. Be5 f6 18. Nxd5 cxd5 19. Bf4 e5 20. Qe2 Qa4 21. Bh2 Qxa2 0-1